Vista normal Vista MARC

Entrada Personal Name

Número de registros utilizados en: 1

001 - CONTROL NUMBER

  • control field: 2743

003 - CONTROL NUMBER IDENTIFIER

  • control field: OSt

005 - DATE AND TIME OF LATEST TRANSACTION

  • control field: 20200407221710.0

008 - FIXED-LENGTH DATA ELEMENTS

  • fixed length control field: 200407|| aca||aabn | a|a d

040 ## - CATALOGING SOURCE

  • Original cataloging agency: OSt
  • Transcribing agency: OSt

100 ## - HEADING--PERSONAL NAME

  • Personal name: Carvalho Oliveira, Mariana Siqueira de,

670 ## - SOURCE DATA FOUND

  • Source citation: Work cat.: (OSt)5167: Tatagiba, Luciana, autor 2739, Contraloría y participación social en la gestión pública / , 2007